al-Muṭawwal, (Record no. 84435)
[ view plain ]
| 000 -LEADER | |
|---|---|
| fixed length control field | 01056cam a22002531 4500 |
| 001 - CONTROL NUMBER | |
| control field | sa 68012295 |
| 003 - CONTROL NUMBER IDENTIFIER | |
| control field | DLC |
| 005 - DATE AND TIME OF LATEST TRANSACTION | |
| control field | 20260227112608.0 |
| 008 - FIXED-LENGTH DATA ELEMENTS--GENERAL INFORMATION | |
| fixed length control field | 901026q19601968ii 000 0 arar |
| 010 ## - LIBRARY OF CONGRESS CONTROL NUMBER | |
| LC control number | sa 68012295 |
| 025 ## - OVERSEAS ACQUISITION NUMBER | |
| Overseas acquisition number | PL480:I-Ar-59 |
| 035 ## - SYSTEM CONTROL NUMBER | |
| System control number | (OCoLC)22590152 |
| 040 ## - CATALOGING SOURCE | |
| Original cataloging agency | DLC |
| Transcribing agency | WaU |
| Modifying agency | DLC |
| 042 ## - AUTHENTICATION CODE | |
| Authentication code | premarc |
| 050 00 - LIBRARY OF CONGRESS CALL NUMBER | |
| Classification number | PJ6161 |
| Item number | .T35 1960z |
| 100 1# - MAIN ENTRY--PERSONAL NAME | |
| Personal name | Taftāzānī, Masʻūd ibn ʻUmar, |
| Dates associated with a name | 1322-1389? |
| 245 13 - TITLE STATEMENT | |
| Title | al-Muṭawwal, |
| Remainder of title | maʻa ḥāshīyat al-jadidah al-mufīdah, aʻnī bah al-miʻwal. |
| 260 ## - PUBLICATION, DISTRIBUTION, ETC. | |
| Place of publication, distribution, etc. | Dihlī, |
| Name of publisher, distributor, etc. | Kutubʹkhānah-ʼi Rashīdīyah |
| Date of publication, distribution, etc. | [196-?] |
| 300 ## - PHYSICAL DESCRIPTION | |
| Extent | 180 p. |
| Dimensions | 28 cm. |
| 500 ## - GENERAL NOTE | |
| General note | Reproduced from MS. copy. |
| 500 ## - GENERAL NOTE | |
| General note | A commentary by al-Taftāzānī entitled al-Muṭawwal, on Talkhīṣ al-Miftāḥ by al-Qazwini. The latter work is itself an extract from al-Sakkākī's Miftāḥ al-ʻUlūm, part 3 (ʻIlm al-maʻānī wa-al-bayān) |
| 650 #0 - SUBJECT ADDED ENTRY--TOPICAL TERM | |
| Topical term or geographic name entry element | Arabic language |
| General subdivision | Rhetoric. |
| 700 1# - ADDED ENTRY--PERSONAL NAME | |
| Personal name | Qazwīnī, Jalāl al-Dīn Muḥammad ibn ʻAbd al-Raḥmān, |
| Dates associated with a name | 1267 or 1268-1338. |
| Title of a work | Talkhīṣ al-Miftāh. |
No items available.